000
00312nam a22001217a 4500
008
160507b xxu||||| |||| 00| 0 eng d
020
_a
9780534069247
020
_a
053406924
041
_a
eng
080
_a
573
245
_a
Biology the unity and diversity of life:
_c
Cecie Starr; Ralph Taggart;
942
_2
udc
_c
BK
999
_c
1928
_d
1928